[Event "North American-ch U08"]
[Site "Montreal"]
[Date "2010.08.17"]
[Round "3"]
[White "Van Raamsdonk, Raegan"]
[Black "Kotsovolos, Nikolas"]
[Result "0-1"]
[WhiteElo "282"]
[BlackElo "691"]
[PlyCount "20"]
[EventDate "2010.08.16"]
[EventType "swiss"]
[EventRounds "7"]
[EventCountry "CAN"]
[SourceTitle "EXT 2013"]
[Source "ChessBase"]
[SourceDate "2012.11.22"]
[SourceVersion "1"]
[SourceVersionDate "2012.11.22"]
[SourceQuality "1"]

1. e4 e5 2. Nf3 Nc6 3. Bb5 Bc5 4. 0-0 h5 5. Nc3 d6 6. Re1 Rh6 7. Qe2 Rg6 8. d3 Qd7 9. Bd2 Qg4 10. Rad1 Qxg2# 0-1